000 00401nam a2200157Ia 4500
008 210716s2001 xx 000 0 und d
020 _a0130136069
041 _aeng
082 _a658.82 MOHJ
100 _aMohr, Jakki.
245 _aMarketing of high-technology products and innovations.
250 _a1
260 _aNew Jercy
_bPrentice Hall
_c2001
300 _axvii,414
650 _aMarketing
999 _c200791
_d200791